00619nai a2200169Ia 4500003000900000008004100009022002200050022002300072040001600095245002700111260008600138310001400224362002500238521006900263650002900332856008800361IN-BaIIA211028c9999 xx s 000 0 eng d a0272-1732 (Print) a1937-4143 (Online) cIIA Library 0aIEEE Microh[eJournal] aNew York, USAbThe Institute of Electrical and Electronics Engineers, Inc. (IEEE) aBimonthly a1(1); 1981 - Present bSubscribed through National Knowledge Resource Consortium (NKRC) aComputing and Processing uhttps://ieeexplore.ieee.org/servlet/opac?punumber=40yClick Here to Access eJournal